00527nam a22001577a 450000500170000001000150001702000260003203500140005803700090007208200150008110000190009624500580011526000560017327001150022930000250034420220210140743.0 aENG-131499 a9789390679300c399.00 aEN-115031 bDBAD a796.422092 aMisra, Sundeep aFiercely The Dutee Chand Story Female/cSundeep Misra aChennaibWestland Publication Private Limitedc2021 a1st Floor, A Block, East Wing, Plot No. 40 SP infocity, Dr. MGR Salai, Pergudi, KandanchavadibChennaie600096 aix, 156p.c20cm(pbk)